| 000 | 00465cam a2200181ua 4500 | ||
|---|---|---|---|
| 041 |
_aeng _h |
||
| 082 |
_a630.717 _bBAN/AG |
||
| 100 | _aBan, Vanden A W . | ||
| 245 |
_aAgricultural extension / _cVanden A W Ban. _hTextual Documents |
||
| 250 |
_a2 / _b. |
||
| 260 |
_aOxford : _bBlackwell Scientific Publications , _c1996. |
||
| 300 | _a294 ; . | ||
| 500 | _a**Reference | ||
| 504 | _a | ||
| 700 | 1 | _aHawkins, H S . | |
| 942 | _cBK | ||
| 999 |
_c10147 _d10147 |
||